| 000 | 01245cam a2200325 a 4500 | ||
|---|---|---|---|
| 001 | 2744 | ||
| 003 | FISKH | ||
| 005 | 20240112095927.0 | ||
| 008 | 920327s1993 nyua j 001 0beng | ||
| 010 | _a 92013480 | ||
| 020 | _a0590464841 : | ||
| 020 | _a9780590481090 | ||
| 040 |
_aDLC _cDLC _dDLC _beng |
||
| 042 | _alcac | ||
| 050 | 0 | 0 |
_aBP223.Z8 _bL5764 1993 |
| 082 | 0 | 0 |
_a320.5/4/092 _aB _220 |
| 100 | 1 |
_aMyers, Walter Dean, _d1937-2014. |
|
| 245 | 1 | 0 |
_aMalcolm X : _bby any means necessary : a biography / _cby Walter Dean Myers. |
| 260 |
_aNew York : _bScholastic, _c1993. |
||
| 300 |
_a210 pages : _billustrations ; _c20 cm |
||
| 520 | _aAs a fourteen-year-old, he was Malcolm Little, the president of his class and a top student. At sixteen, he was hustling tips at a Boston nightclub. In Harlem, he was known as Detroit Red, a slick street operator. | ||
| 600 | 1 | 0 |
_aX, Malcolm, _d1925-1965 _xJuvenile literature |
| 600 | 1 | 1 |
_aX, Malcolm, _d1925-1965. |
| 650 | 0 |
_aBlack Muslims _vBiography _vJuvenile literature. |
|
| 650 | 0 |
_aAfrican Americans _vBiography _vJuvenile literature. |
|
| 650 | 1 | _aBlack Muslims. | |
| 650 | 1 |
_aAfrican Americans _vBiography. |
|
| 906 |
_a7 _bcbc _corignew _d1 _eocip _f19 _gy-gencatlg |
||
| 942 |
_2ddc _cBK _n0 |
||
| 999 |
_c2744 _d2744 |
||